<?xml version="1.0" encoding="UTF-8"?>
<resp>
  <nextPage>https://data.bn.org.pl/api/networks/bibs.marcxml?marc=001+b00001150001426&amp;sinceId=1150001427</nextPage>
  <collection>
    <record xmlns='http://www.loc.gov/MARC21/slim'><leader>00966nam a2200313 i 4500</leader><controlfield tag='001'>b00001150001426</controlfield><controlfield tag='005'>20260403094900.8</controlfield><controlfield tag='008'>230609s        pl           |000 0 pol c</controlfield><controlfield tag='009'>9913262256705606</controlfield><datafield ind1=' ' ind2=' ' tag='020'><subfield code='a'>8373377689</subfield></datafield><datafield ind1=' ' ind2=' ' tag='035'><subfield code='a'>KR_1KR_1_20120317230302034458-48omnis_kr</subfield></datafield><datafield ind1=' ' ind2=' ' tag='035'><subfield code='a'>KR_1_20120317230302034458</subfield><subfield code='9'>ExL</subfield></datafield><datafield ind1=' ' ind2=' ' tag='035'><subfield code='a'>(PL)b00001150001426</subfield></datafield><datafield ind1=' ' ind2=' ' tag='040'><subfield code='a'>KR_1</subfield><subfield code='c'>KR_1</subfield></datafield><datafield ind1='1' ind2=' ' tag='041'><subfield code='a'>pol</subfield><subfield code='h'>eng</subfield></datafield><datafield ind1='1' ind2=' ' tag='100'><subfield code='a'>Eddings, David</subfield></datafield><datafield ind1='1' ind2='0' tag='245'><subfield code='a'>Królowa magii /</subfield><subfield code='c'>David Eddings ; przeł. Piotr W. Cholewa.</subfield></datafield><datafield ind1=' ' ind2=' ' tag='260'><subfield code='a'>W-wa :</subfield><subfield code='b'>Prószyński i S-ka,</subfield><subfield code='c'>[2005].</subfield></datafield><datafield ind1=' ' ind2=' ' tag='300'><subfield code='a'>303 s. ;</subfield><subfield code='c'>21 cm.</subfield></datafield><datafield ind1='1' ind2=' ' tag='490'><subfield code='a'>Belgariada : księga druga</subfield></datafield><datafield ind1='1' ind2=' ' tag='490'><subfield code='a'>Fantastyka</subfield></datafield><datafield ind1=' ' ind2=' ' tag='500'><subfield code='a'>p</subfield></datafield><datafield ind1=' ' ind2='9' tag='650'><subfield code='a'>Powieść amerykańska</subfield><subfield code='y'>20 w.</subfield></datafield><datafield ind1=' ' ind2=' ' tag='852'><subfield code='b'>48OMNIS_NETWORK</subfield><subfield code='8'>9913262256705606</subfield></datafield><datafield ind1=' ' ind2=' ' tag='852'><subfield code='b'>48OMNIS_SW2</subfield><subfield code='8'>991000775482908005</subfield></datafield><datafield ind1=' ' ind2=' ' tag='852'><subfield code='8'>2215096510008005</subfield><subfield code='j'>1</subfield><subfield code='b'>SW2_6_1</subfield><subfield code='p'>SW2_6_04425</subfield><subfield code='c'>SW2_6_1_1</subfield></datafield><datafield ind1=' ' ind2=' ' tag='920'><subfield code='a'>83-7337-768-9</subfield></datafield></record>
  </collection>
</resp>
